[Event "European Blitz 2015"]
[Site "Minsk BLR"]
[Date "2015.12.18"]
[Round "10.29"]
[White "Short, Nigel D"]
[Black "Fomin, Taras"]
[Result "0-1"]
[WhiteTitle "GM"]
[WhiteElo "2684"]
[BlackElo "2312"]
[WhiteFideId "400025"]
[BlackFideId "4120604"]
[EventDate "2015.12.18"]
[EventType "swiss (blitz)"]

1. e4 e5 2. Nf3 Qe7 3. Nc3 c6 4. d4 d6 5. a4 Nf6 6. b3 exd4 7. Qxd4 Bg4 8. Be2
Nbd7 9. O-O Ne5 10. Qe3 Bxf3 11. Bxf3 Nxf3+ 12. Qxf3 Qe5 13. Bb2 Be7 14. Rab1
Qh5 15. Qg3 O-O 16. Rbd1 Rad8 17. h3 Qg6 18. Qe3 b6 19. f4 d5 20. f5 Qh5 21. Qf3
Qxf3 22. gxf3 dxe4 23. fxe4 Rfe8 24. Kg2 Bc5 25. Kf3 Bd4 26. Rd3 Nxe4 27. Nxe4
Bxb2 28. Nd6 Rf8 29. Rfd1 Bf6 30. Nc4 Rxd3+ 31. Rxd3 Rd8 32. Rxd8+ Bxd8 33. Ne5
Bc7 34. Nxc6 a5 35. c3 Kf8 36. b4 Ke8 37. bxa5 bxa5 38. Ke4 g6 39. c4 Kd7 40.
Nd4 g5 41. Nf3 f6 42. Kd5 h5 43. Nd2 g4 44. hxg4 hxg4 45. c5 g3 46. Nf3 g2 47.
c6+ Ke7 48. Kc5 Bh2 49. Kb5 g1=Q 50. Nxg1 Bxg1 51. Kxa5 Kd6 52. Kb5 Kc7 53. a5
Bf2 54. Kc4 Kxc6 0-1

[Event "European Blitz 2015"]
[Site "Minsk BLR"]
[Date "2015.12.18"]
[Round "10.30"]
[White "Kochetkov, German"]
[Black "Demidov, Mikhail"]
[Result "1/2-1/2"]
[WhiteTitle "IM"]
[BlackTitle "IM"]
[WhiteElo "2338"]
[BlackElo "2485"]
[WhiteFideId "13500635"]
[BlackFideId "4197143"]
[EventDate "2015.12.18"]
[EventType "swiss (blitz)"]

1. f4 b6 2. e4 Bb7 3. d3 e6 4. Nf3 d5 5. e5 c5 6. c3 Ne7 7. Na3 Nf5 8. Be2 Nc6
9. O-O d4 10. Nc2 dxc3 11. bxc3 Be7 12. g4 Nh4 13. Be3 Nxf3+ 14. Bxf3 Qd7 15.
Qe2 Rd8 16. Rfd1 O-O 17. Rd2 Qc7 18. Rad1 Rd7 19. Na3 Rfd8 20. Nb5 Qb8 21. a4
Na5 22. Bxb7 Qxb7 23. d4 cxd4 24. Nxd4 Qe4 25. Nf5 Rxd2 26. Nxe7+ Kf8 27. Rxd2
Qb1+ 28. Kf2 Kxe7 29. Rxd8 Kxd8 30. Qd2+ Kc8 31. Qd6 Qc2+ 32. Kf3 Qxa4 33. Qf8+
Kc7 34. Qxf7+ Qd7 35. Qxd7+ Kxd7 36. f5 Nc4 37. Bd4 a5 38. f6 g6 39. Ke4 a4 40.
Kd3 b5 41. Kc2 Ke8 42. h4 h6 43. h5 Kf7 44. Kb1 g5 45. Kc2 Ke8 46. Kb1 Kf8 47.
Ka2 Kf7 48. Kb1 Ke8 49. Ka2 Kf7 50. Kb1 1/2-1/2

[Event "European Blitz 2015"]
[Site "Minsk BLR"]
[Date "2015.12.18"]
[Round "10.31"]
[White "Kulaots, Kaido"]
[Black "Ambartsumova, Karina"]
[Result "1/2-1/2"]
[WhiteTitle "GM"]
[BlackTitle "WGM"]
[WhiteElo "2574"]
[BlackElo "2267"]
[WhiteFideId "4500261"]
[BlackFideId "4166299"]
[EventDate "2015.12.18"]
[EventType "swiss (blitz)"]

1. e4 c5 2. Nf3 e6 3. d4 cxd4 4. Nxd4 a6 5. Be2 Nf6 6. Nc3 Qc7 7. O-O Bb4 8. Qd3
Nc6 9. Nxc6 bxc6 10. f4 d5 11. f5 O-O 12. fxe6 fxe6 13. Bf4 e5 14. Bg3 Be6 15.
Kh1 Bxc3 16. Qxc3 Nxe4 17. Qxe5 Nxg3+ 18. Qxg3 Qxg3 19. hxg3 Bf5 20. c3 Be4 21.
Kg1 a5 22. Rad1 Rab8 23. Rd2 Rxf1+ 24. Kxf1 Kf7 25. Bf3 Bb1 26. a3 Ke7 27. Kf2
h6 28. Ke2 Bf5 29. Kd1 Kd6 30. Kc1 Re8 31. g4 Be6 32. Rd4 Ra8 33. Ra4 Kc7 34.
Kc2 Kb6 35. Rf4 Rd8 36. Be2 c5 37. Bd3 Kc7 38. Bf5 Bg8 39. Ra4 Kb6 40. Rf4 Kc7
41. g5 hxg5 42. Rg4 Rf8 43. Rxg5 Rxf5 44. Rxf5 Bh7 45. g4 Kd6 46. Kd3 a4 47. c4
dxc4+ 48. Kxc4 Bxf5 49. gxf5 Ke5 50. b3 axb3 51. Kxb3 Kxf5 52. a4 Ke6 53. a5 Kd7
54. Kc4 Kc7 55. Kxc5 g5 1/2-1/2

[Event "European Blitz 2015"]
[Site "Minsk BLR"]
[Date "2015.12.18"]
[Round "10.33"]
[White "Goganov, Aleksey"]
[Black "Putka, Verners"]
[Result "0-1"]
[WhiteTitle "GM"]
[WhiteElo "2597"]
[BlackElo "2307"]
[WhiteFideId "24109959"]
[BlackFideId "11600659"]
[EventDate "2015.12.18"]
[EventType "swiss (blitz)"]

1. d4 Nf6 2. c4 e6 3. Nf3 b6 4. g3 Ba6 5. b3 Bb4+ 6. Bd2 Be7 7. Nc3 d5 8. cxd5
exd5 9. Bg2 O-O 10. O-O c6 11. Qc2 Nbd7 12. Bf4 Rc8 13. Rfd1 Re8 14. a3 Nf8 15.
b4 Ng6 16. Bc1 Bb7 17. Bb2 Bf8 18. e3 Qd7 19. Qb3 Ba6 20. Nd2 Ne7 21. a4 Bb7 22.
Nf3 Qf5 23. a5 b5 24. a6 Ba8 25. Ne5 Ng6 26. Nxg6 Qxg6 27. Ne2 Ne4 28. Nf4 Qh6
29. Nd3 Re6 30. Nc5 Bxc5 31. dxc5 Rce8 32. Bd4 Ng5 33. Qb2 f6 34. f3 Qh5 35. Qf2
Qg6 36. Kh1 h5 37. Re1 R6e7 38. Re2 Qd3 39. Rae1 Kf7 40. Rd2 Qa3 41. Rb2 Qxa6
42. h4 Ne6 43. e4 dxe4 44. Rxe4 Nxd4 45. Rxe7+ Rxe7 46. Qxd4 Qc8 47. Kh2 Bb7 48.
Rd2 Qe6 49. Qd8 Qe3 50. Rd7 Qe6 51. Rd6 Qe2 52. Rd7 Qe6 53. Rd6 Qe2 54. Rd7 Qe6 0-1

[Event "European Blitz 2015"]
[Site "Minsk BLR"]
[Date "2015.12.18"]
[Round "10.34"]
[White "Dzhumagaliev, Yan"]
[Black "Dzhangobegov, Vladimir"]
[Result "1-0"]
[WhiteTitle "FM"]
[BlackTitle "FM"]
[WhiteElo "2400"]
[BlackElo "2314"]
[WhiteFideId "24100110"]
[BlackFideId "4180984"]
[EventDate "2015.12.18"]
[EventType "swiss (blitz)"]

1. d4 Nf6 2. c4 e6 3. g3 c5 4. d5 exd5 5. cxd5 b5 6. Bg2 d6 7. e4 Nbd7 8. Ne2 g6
9. O-O Bg7 10. Bf4 Qe7 11. Nbc3 a6 12. a3 O-O 13. Re1 Ng4 14. b4 Re8 15. Rc1 g5
16. Bd2 Nge5 17. Rf1 Nd3 18. Rb1 c4 19. Be3 N7e5 20. Nd4 Bd7 21. a4 Rab8 22.
axb5 axb5 23. h3 h6 24. Kh2 Rec8 25. f4 gxf4 26. gxf4 Ng6 27. Qd2 Bxd4 28. Bxd4
f5 29. Rbe1 Nxe1 30. Rxe1 Qf7 31. e5 dxe5 32. fxe5 Nh4 33. e6 Qg6 34. exd7 1-0

[Event "European Blitz 2015"]
[Site "Minsk BLR"]
[Date "2015.12.18"]
[Round "10.35"]
[White "Fargere, Francois"]
[Black "Romanov, Evgeny"]
[Result "1/2-1/2"]
[WhiteTitle "GM"]
[BlackTitle "GM"]
[WhiteElo "2424"]
[BlackElo "2590"]
[WhiteFideId "615935"]
[BlackFideId "4148843"]
[EventDate "2015.12.18"]
[EventType "swiss (blitz)"]

1. Nf3 Nf6 2. g3 b6 3. Bg2 Bb7 4. O-O g6 5. c4 Bg7 6. Nc3 O-O 7. d4 e6 8. Bd2
Na6 9. Re1 d5 10. Ne5 c5 11. dxc5 Nxc5 12. Be3 Rc8 13. Qd2 dxc4 14. Qxd8 Rfxd8
15. Bxc5 Rxc5 16. Nxf7 Kxf7 17. Bxb7 b5 18. Rad1 Rb8 19. Bf3 b4 20. Ne4 Nxe4 21.
Bxe4 Ke7 22. b3 c3 23. Bc2 Ra5 24. Bb1 Rc8 25. Rc1 Rd5 26. Be4 Rd2 27. Rc2 Rcd8
28. Rec1 Bh6 29. e3 Rf8 30. Rxd2 cxd2 31. Rd1 Rd8 32. Kf1 Bg7 33. Ke2 Bc3 34.
Bd3 a5 35. f4 e5 36. Bc2 exf4 37. gxf4 Kf6 38. Rg1 Rc8 39. Rg5 Ra8 40. Rb5 Ra7
41. Rb6+ Kg7 42. Be4 Re7 43. Rb7 Rxb7 44. Bxb7 Kf6 45. Be4 h6 46. h3 g5 47.
fxg5+ hxg5 48. Bc6 Ke5 49. Bd7 Kd6 50. Bc8 Ke5 1/2-1/2

[Event "European Blitz 2015"]
[Site "Minsk BLR"]
[Date "2015.12.18"]
[Round "10.36"]
[White "Savitskiy, Sergey"]
[Black "Kovalev, Vladislav"]
[Result "0-1"]
[WhiteTitle "FM"]
[BlackTitle "GM"]
[WhiteElo "2365"]
[BlackElo "2546"]
[WhiteFideId "24105660"]
[BlackFideId "13504398"]
[EventDate "2015.12.18"]
[EventType "swiss (blitz)"]

1. e4 e5 2. Nf3 Nc6 3. Bc4 Bc5 4. O-O Nf6 5. d3 d6 6. c3 a6 7. Bb3 Ba7 8. Nbd2
O-O 9. h3 h6 10. Re1 Nh5 11. Nf1 Qf6 12. Be3 Ne7 13. Bxa7 Rxa7 14. d4 Nf4 15.
Ng3 Neg6 16. Re3 Ra8 17. Qd2 Be6 18. Bxe6 fxe6 19. d5 Ne7 20. dxe6 Qxe6 21. Nh2
Rf7 22. b3 Raf8 23. Rd1 Qg6 24. Kh1 Kh7 25. Rg1 Qf6 26. f3 Qg6 27. Ne2 Nxe2 28.
Qxe2 Qe6 29. Qd2 Ng6 30. Ree1 Nf4 31. Ng4 h5 32. Ne3 Qh6 33. Nf5 Qg5 34. Ne3 g6
35. Kh2 Qf6 36. Kh1 Qe6 37. Kh2 b5 38. Nd5 c6 39. Nxf4 Rxf4 40. Rd1 R8f6 41. Qe3
g5 42. Rd2 g4 43. fxg4 hxg4 44. Rgd1 gxh3 45. Qxh3+ Rh6 0-1

[Event "European Blitz 2015"]
[Site "Minsk BLR"]
[Date "2015.12.18"]
[Round "10.37"]
[White "Mikhalevski, Victor"]
[Black "Meribanov, Vitaly"]
[Result "1-0"]
[WhiteTitle "GM"]
[BlackTitle "IM"]
[WhiteElo "2535"]
[BlackElo "2392"]
[WhiteFideId "2801914"]
[BlackFideId "13504363"]
[EventDate "2015.12.18"]
[EventType "swiss (blitz)"]

1. e4 e5 2. Nf3 Nc6 3. Bc4 Bc5 4. b4 Bxb4 5. c3 Ba5 6. d4 d6 7. Qb3 Qd7 8. O-O
Bb6 9. Nbd2 Na5 10. Qc2 Nxc4 11. Nxc4 exd4 12. cxd4 Ne7 13. a4 c6 14. Ba3 Bc7
15. e5 dxe5 16. Rfe1 O-O 17. Ncxe5 Bxe5 18. Nxe5 Qf5 19. Qxf5 Nxf5 20. Bxf8 Kxf8
21. d5 cxd5 22. Rac1 Be6 23. Rc7 Rd8 24. Rxb7 d4 25. Nc6 Rc8 26. Nxa7 Rc3 27.
Nb5 Rb3 28. Rd1 g5 29. h3 Kg7 30. a5 Bc4 31. Nd6 Nxd6 32. Rxb3 Bxb3 33. Rxd4 Nf5
34. Rd8 Bc4 35. f3 Kf6 36. Kf2 h6 37. Rc8 Ba6 38. Rc6+ Ke5 39. Rxa6 1-0

[Event "European Blitz 2015"]
[Site "Minsk BLR"]
[Date "2015.12.18"]
[Round "10.38"]
[White "Milov, Vadim"]
[Black "Gritsenko, Nikolai"]
[Result "1-0"]
[WhiteTitle "GM"]
[BlackTitle "FM"]
[WhiteElo "2615"]
[BlackElo "2309"]
[WhiteFideId "1304364"]
[BlackFideId "14112493"]
[EventDate "2015.12.18"]
[EventType "swiss (blitz)"]

1. d4 d5 2. c4 Nc6 3. Nc3 dxc4 4. Nf3 Nf6 5. Bg5 h6 6. Bh4 a6 7. d5 Na7 8. a4 g5
9. Bg3 Bg7 10. e4 O-O 11. Bxc4 c6 12. h4 g4 13. Ne5 b5 14. axb5 axb5 15. Bb3 b4
16. Rxa7 Rxa7 17. Nxc6 Qb6 18. Na4 Rxa4 19. Bxa4 Nxe4 20. Qd3 f5 21. O-O Nxg3
22. Qxg3 f4 23. Qd3 Qc5 24. Qe4 Rf7 25. Bb3 Qd6 26. Ra1 Bf5 27. Nxe7+ Rxe7 28.
Qxf5 Rf7 29. Ra8+ Rf8 30. Rxf8+ Qxf8 31. d6+ Kh8 32. Qe6 g3 33. d7 Bf6 34. Qe8
Kg7 35. Bc2 Qd6 36. Qg6+ Kf8 37. Qxh6+ Ke7 38. Qh7+ Kf8 39. Qd3 Qe7 40. Kf1 Bxh4
41. Qf5+ Bf6 42. Qxf4 gxf2 43. Qxf2 Kg7 44. Qg3+ Bg5 45. b3 Qf6+ 46. Qf3 Qa1+
47. Ke2 Qe5+ 48. Qe4 Qg3 49. Bd3 Qh4 50. Qxh4 Bxh4 51. Bf5 Be7 52. Kf3 Kf6 53.
Kg4 Bd8 54. Bd3 Be7 55. Bc4 Bd8 56. Kf4 Be7 57. g4 Bd8 58. Be2 Be7 59. Ke4 Bd8
60. Kd5 Ke7 61. Kc6 Ke6 62. Bd3 1-0

[Event "European Blitz 2015"]
[Site "Minsk BLR"]
[Date "2015.12.18"]
[Round "10.39"]
[White "Savenkov, Konstantin"]
[Black "Harutjunyan, Gevorg"]
[Result "1/2-1/2"]
[WhiteTitle "FM"]
[BlackTitle "GM"]
[WhiteElo "2325"]
[BlackElo "2436"]
[WhiteFideId "4138600"]
[BlackFideId "13300873"]
[EventDate "2015.12.18"]
[EventType "swiss (blitz)"]

1. e4 c6 2. d4 d5 3. Nd2 dxe4 4. Nxe4 Bf5 5. Nc5 b6 6. Nb3 Nf6 7. Nf3 Nbd7 8. g3
e6 9. Bg2 Bd6 10. O-O O-O 11. Nbd2 Rc8 12. Nc4 Bb8 13. Nfe5 1/2-1/2

[Event "European Blitz 2015"]
[Site "Minsk BLR"]
[Date "2015.12.18"]
[Round "10.41"]
[White "Sysolyatin, Evgeny"]
[Black "Kuzin, Anton"]
[Result "0-1"]
[WhiteTitle "FM"]
[BlackTitle "IM"]
[WhiteElo "2289"]
[BlackElo "2409"]
[WhiteFideId "4154916"]
[BlackFideId "4148410"]
[EventDate "2015.12.18"]
[EventType "swiss (blitz)"]

1. e4 c6 2. d4 d5 3. Nc3 dxe4 4. Nxe4 Bf5 5. Ng3 g6 6. c3 Bh6 7. Nxf5 gxf5 8.
Bd3 Bxc1 9. Rxc1 e6 10. Nf3 Qd6 11. Ne5 Nd7 12. Nc4 Qd5 13. O-O Ngf6 14. b3 Rg8
15. Ne3 Qa5 16. a4 f4 17. Nc4 Qg5 18. Qf3 Ke7 19. a5 Nd5 20. Rfe1 h5 21. b4 a6
22. Nd2 Qg4 23. h3 Qxf3 24. Nxf3 Rg7 25. Bf1 Kd6 26. Nd2 Rag8 27. Kh2 Kc7 28.
Nf3 Kd6 29. Nd2 Kc7 30. Nc4 f3 31. g3 h4 32. gxh4 Rh8 33. Nd2 Rxh4 34. Nxf3 Rh6
35. Ne5 Rf6 36. Ng4 Rf4 37. Rc2 N7f6 38. Nxf6 Rxf6 39. Re5 Rf3 40. Bg2 Rxc3 41.
Rxc3 Nxc3 42. Re3 Nb5 43. Re4 Kd6 44. Bf1 f5 45. Rh4 Kd5 46. Bxb5 axb5 47. Rh6
Re7 48. Rh4 Kc4 49. Kg3 Kxb4 50. d5+ Kxa5 51. d6 Rd7 52. Rd4 c5 53. Rd1 b4 54.
Kf4 b3 55. Ke5 c4 56. Kxe6 Rd8 57. Kd5 Kb4 58. Rd4 Rxd6+ 59. Kxd6 b2 0-1

[Event "European Blitz 2015"]
[Site "Minsk BLR"]
[Date "2015.12.18"]
[Round "10.42"]
[White "Babikov, Ivan"]
[Black "Shukh, Nikolai"]
[Result "1/2-1/2"]
[WhiteTitle "FM"]
[BlackTitle "IM"]
[WhiteElo "2301"]
[BlackElo "2435"]
[WhiteFideId "4161106"]
[BlackFideId "24102580"]
[EventDate "2015.12.18"]
[EventType "swiss (blitz)"]

1. e4 e5 2. Nf3 Nc6 3. Bc4 Nf6 4. d4 exd4 5. Nxd4 Nxe4 6. O-O d5 7. Re1 Be7 8.
Bb5 Bd7 9. c4 Nxd4 10. Bxd7+ Qxd7 11. Qxd4 Nf6 12. cxd5 Qxd5 13. Qb4 c5 14. Qb5+
Qc6 15. Nc3 a6 16. Qxc6+ bxc6 17. Bf4 Kf8 18. Rad1 h6 19. Na4 Nd5 20. Bc1 Rb8
21. b3 f6 22. Ba3 Kf7 23. Bxc5 Rhe8 24. Bxe7 Rxe7 25. Rxe7+ Kxe7 26. Nc5 a5 27.
Re1+ Kd6 28. Ne4+ Kc7 29. f3 a4 30. bxa4 Rb2 31. Kf1 Rxa2 32. Nc5 Kd6 33. Nb7+
Kc7 34. Nc5 Kb6 35. Nd7+ Kc7 36. Nc5 g5 37. Re2 Ra1+ 38. Kf2 Nf4 39. Rd2 Ra3 40.
g3 Nd5 41. Rc2 f5 42. h4 g4 43. fxg4 fxg4 44. Ne6+ Kd6 45. Nd4 Nb4 46. Rd2 Ke5
47. Ne2 Nd5 48. Rc2 Rf3+ 49. Ke1 Nb4 50. Rc4 Nd3+ 51. Kd2 Nf2 52. Rxc6 Ne4+ 53.
Ke1 Re3 54. Rc2 Nxg3 55. a5 Ne4 56. Ra2 Rb3 57. Kf1 Rb7 58. a6 Ra7 59. Kg2 h5
60. Ra5+ Kf6 61. Rxh5 Kg6 62. Ra5 Kh6 63. Nf4 Nd6 64. Rh5+ Kg7 65. Rg5+ Kf6 66.
Rxg4 Rxa6 67. Nd5+ Ke5 68. Rg5+ Ke4 69. Nf6+ Kf4 70. Nd5+ Ke4 71. h5 Nf5 72.
Nc3+ Kf4 73. Rg6 Ra3 74. Rc6 Ne3+ 75. Kh3 Ra1 76. Rf6+ Kg5 77. Rf3 Rh1+ 78. Kg3
Nf5+ 79. Kg2 Rxh5 80. Ne4+ Kg6 1/2-1/2

[Event "European Blitz 2015"]
[Site "Minsk BLR"]
[Date "2015.12.18"]
[Round "10.43"]
[White "Balashov, Yuri S"]
[Black "Nazaretyan, Tigran"]
[Result "1/2-1/2"]
[WhiteTitle "GM"]
[WhiteElo "2408"]
[BlackElo "2301"]
[WhiteFideId "4100263"]
[BlackFideId "24162345"]
[EventDate "2015.12.18"]
[EventType "swiss (blitz)"]

1. e4 c5 2. Ne2 Nc6 3. Nbc3 d6 4. d4 cxd4 5. Nxd4 Nf6 6. Bg5 e6 7. Qd2 a6 8.
O-O-O Bd7 9. f4 h6 10. Bh4 Nxe4 11. Qe1 Nf6 12. Nf5 Qa5 13. Nxd6+ Bxd6 14. Rxd6
Qc7 15. Qd2 O-O-O 16. Be2 Ne7 17. Rd1 Bc6 18. Rxd8+ Rxd8 19. Qxd8+ Qxd8 20.
Rxd8+ Kxd8 21. Bf1 Nh5 22. Bg3 Nf5 23. Bf2 Nxf4 24. g3 Nd5 25. Nd1 Nd6 26. c4
Nf6 27. Bd4 Nf5 28. Bc3 Ne4 29. Be1 e5 30. Bh3 Nd4 31. Ne3 g6 32. Ng4 Bd7 33.
Ba5+ Kc8 34. Bg2 Nxg3 35. Nxe5 Nge2+ 36. Kd2 Be6 37. Ke3 g5 38. Bb6 Nf4 39.
Bxb7+ Kxb7 40. Bxd4 f6 41. Nd3 Bxc4 42. Nxf4 gxf4+ 43. Kxf4 Bxa2 44. Bxf6 Bd5 1/2-1/2

[Event "European Blitz 2015"]
[Site "Minsk BLR"]
[Date "2015.12.18"]
[Round "10.44"]
[White "Pankov, German"]
[Black "Shevchenko, Kirill"]
[Result "1/2-1/2"]
[WhiteTitle "IM"]
[BlackTitle "FM"]
[WhiteElo "2404"]
[BlackElo "2373"]
[WhiteFideId "4174569"]
[BlackFideId "14129574"]
[EventDate "2015.12.18"]
[EventType "swiss (blitz)"]

1. d4 Nf6 2. Nf3 e6 3. c4 b6 4. a3 Bb7 5. Nc3 d5 6. cxd5 Nxd5 7. Qc2 Nxc3 8.
bxc3 Nd7 9. e4 c5 10. Bd3 Qc7 11. O-O Be7 12. Qe2 O-O 13. Be3 Nf6 14. Bg5 h6 15.
Bh4 Rfd8 16. a4 Rac8 17. Bg3 Qd7 18. Bb5 Bc6 19. Ne5 Bxb5 20. axb5 Qb7 21. Nc6
Rxc6 22. bxc6 Qxc6 23. Rxa7 Bf8 24. Be5 Qxe4 25. Qxe4 Nxe4 26. Bc7 Rc8 27. Bxb6
Nxc3 28. dxc5 Bxc5 29. Bxc5 Rxc5 30. g3 Rf5 31. Kg2 Nd5 32. h4 h5 33. Rb1 g6 34.
Rb3 Kg7 35. Rf3 Rxf3 36. Kxf3 Kf6 37. Ke4 Nc3+ 38. Kd3 Nd5 39. f3 Kg7 40. Ke4
Nf6+ 41. Ke5 Nd5 42. g4 hxg4 43. fxg4 Ne3 44. Kf4 Nd5+ 45. Kg5 Nc3 46. h5 gxh5
47. gxh5 Ne4+ 48. Kf4 Nf6 49. Kg5 Ne4+ 50. Kg4 Nf6+ 51. Kh4 Kh6 52. Ra5 Nd5 53.
Rc5 Nf6 54. Re5 Nd5 55. Re1 Nf4 56. Rh1 Nxh5 57. Rf1 f5 58. Re1 Ng7 59. Kg3 Kg5
60. Kf3 Kf6 61. Ra1 e5 62. Ra6+ Ne6 63. Rb6 e4+ 64. Ke3 Ke7 65. Rb4 Ng5 66. Kf4
Kf6 67. Rb6+ Ne6+ 68. Ke3 Ke7 69. Rb5 Ng7 70. Rxf5 Nxf5+ 71. Kxe4 1/2-1/2

[Event "European Blitz 2015"]
[Site "Minsk BLR"]
[Date "2015.12.18"]
[Round "10.45"]
[White "Kultiyasov, Mikhail"]
[Black "Pogosian, Manvel"]
[Result "0-1"]
[WhiteElo "2273"]
[BlackElo "2382"]
[WhiteFideId "13504100"]
[BlackFideId "13503936"]
[EventDate "2015.12.18"]
[EventType "swiss (blitz)"]

1. e4 c6 2. d4 d5 3. Nc3 b5 4. a3 dxe4 5. Nxe4 Nf6 6. Nxf6+ exf6 7. Nf3 Bd6 8.
Be3 O-O 9. Qd2 Be6 10. Be2 Nd7 11. O-O Nb6 12. b3 a5 13. Rfc1 a4 14. c4 axb3 15.
c5 Na4 16. cxd6 b2 17. Qb4 bxa1=Q 18. Rxa1 Nb6 19. Qc5 Nd5 20. Qxc6 b4 21. a4
Rc8 22. Qa6 b3 23. Bd2 Re8 24. Bb5 Bd7 25. Ba5 b2 26. Rf1 Bxb5 27. Qxb5 Qxd6 28.
Qxb2 Nf4 29. Bb4 Qa6 30. a5 Ne2+ 31. Kh1 Ng3+ 32. hxg3 Qxf1+ 33. Kh2 Re2 0-1

[Event "European Blitz 2015"]
[Site "Minsk BLR"]
[Date "2015.12.18"]
[Round "10.46"]
[White "Kalinin, Michail Borisovich"]
[Black "Trifonov, Denis"]
[Result "1-0"]
[BlackTitle "FM"]
[WhiteElo "2380"]
[BlackElo "2198"]
[WhiteFideId "4144104"]
[BlackFideId "13501313"]
[EventDate "2015.12.18"]
[EventType "swiss (blitz)"]

1. d4 d5 2. Nf3 Nf6 3. e3 g6 4. Bd3 Bg7 5. O-O O-O 6. Nbd2 Nbd7 7. c4 c6 8. b3
Nb6 9. Bb2 Bg4 10. Qc2 Bxf3 11. Nxf3 Nbd7 12. h3 e6 13. a4 Rc8 14. b4 Re8 15.
Rfc1 a6 16. Qb3 1-0

[Event "European Blitz 2015"]
[Site "Minsk BLR"]
[Date "2015.12.18"]
[Round "10.47"]
[White "Kashtanov, Ruslan"]
[Black "Friesen, Viktor"]
[Result "1/2-1/2"]
[WhiteTitle "IM"]
[WhiteElo "2346"]
[BlackElo "2216"]
[WhiteFideId "4124871"]
[BlackFideId "12903086"]
[EventDate "2015.12.18"]
[EventType "swiss (blitz)"]

1. e4 d5 2. exd5 Qxd5 3. Nf3 g6 4. d4 Bg7 5. c4 Qd8 6. Be2 Nh6 7. Nc3 Nf5 8. d5
O-O 9. O-O c6 10. Bf4 cxd5 11. Nxd5 Na6 12. Qc2 e6 13. Nc3 Nb4 14. Qa4 Nc6 15.
Nb5 Ncd4 16. Nfxd4 Nxd4 17. Nxd4 Qxd4 18. Bc1 Bd7 19. Qb3 Bc6 20. Rd1 Qh4 21.
Be3 a6 22. Rd2 Rad8 23. Rad1 Rxd2 24. Rxd2 Rd8 25. Qd1 Rxd2 26. Qxd2 Qe7 27. b4
Qd7 28. Qxd7 Bxd7 29. b5 Kf8 30. a4 Ke8 31. a5 Bc3 32. Bb6 Bc8 33. Bf3 Kd7 34.
Kf1 f5 35. Ke2 e5 36. Bd5 h6 37. h4 Kd6 38. bxa6 bxa6 39. Kd3 Be1 40. Ke2 Bc3
41. Bf7 g5 42. h5 f4 43. f3 Bd7 44. c5+ Ke7 45. Bc4 Bc8 46. Kd3 1/2-1/2

[Event "European Blitz 2015"]
[Site "Minsk BLR"]
[Date "2015.12.18"]
[Round "10.49"]
[White "Barchuk, Irina"]
[Black "Sivuk, Vitaly"]
[Result "0-1"]
[BlackTitle "GM"]
[WhiteElo "2044"]
[BlackElo "2552"]
[WhiteFideId "14119005"]
[BlackFideId "14116502"]
[EventDate "2015.12.18"]
[EventType "swiss (blitz)"]

1. e4 c5 2. Nf3 Nc6 3. d4 cxd4 4. Nxd4 e6 5. Nc3 Qc7 6. Be3 a6 7. Qf3 Ne5 8. Qg3
h5 9. f3 h4 10. Qf2 b5 11. O-O-O Bb7 12. Bd3 Rc8 13. Kb1 Nf6 14. g3 h3 15. Qe2
b4 16. Na4 Qa5 17. b3 d5 18. Nxe6 Nxd3 19. Bb6 Qb5 20. Nc7+ Rxc7 21. Bxc7 Nc5
22. Qxb5+ axb5 23. Nxc5 Bxc5 24. exd5 Nxd5 25. Rhe1+ Kd7 26. Be5 f6 27. Bb2 Re8
28. Re4 Re6 29. Rh4 Ke7 30. Rxh3 Nc3+ 31. Bxc3 bxc3 32. Rh5 Bxf3 33. Rxc5 Bxd1
34. Rxc3 Re5 35. Rc7+ Kf8 36. Kb2 Bf3 37. Kc3 g5 38. Kb4 f5 39. a4 bxa4 40. Kxa4
Be4 41. b4 f4 42. gxf4 gxf4 43. Rd7 Bc6+ 0-1

[Event "European Blitz 2015"]
[Site "Minsk BLR"]
[Date "2015.12.18"]
[Round "11.2"]
[White "Bortnyk, Olexandr"]
[Black "Grachev, Boris"]
[Result "0-1"]
[WhiteTitle "GM"]
[BlackTitle "GM"]
[WhiteElo "2552"]
[BlackElo "2652"]
[WhiteFideId "14120828"]
[BlackFideId "4129199"]
[EventDate "2015.12.18"]
[EventType "swiss (blitz)"]

1. d4 d5 2. Nc3 Bf5 3. f3 e6 4. Bf4 Bd6 5. Bxd6 Qxd6 6. e4 Bg6 7. e5 Qd8 8. h4
h6 9. Nge2 Ne7 10. Nf4 a6 11. Bd3 Bxd3 12. Qxd3 Nd7 13. Nce2 c5 14. c3 Qb6 15.
b3 cxd4 16. cxd4 Rc8 17. g4 Nc6 18. Rc1 O-O 19. g5 Ncxe5 20. dxe5 Nxe5 21. Qd1
Qe3 22. Rxc8 Rxc8 23. Rh3 d4 24. Qd2 Nxf3+ 25. Rxf3 Qxf3 26. Qxd4 Qh1+ 27. Kd2
Qxh4 28. Qd7 Rf8 29. g6 Qf6 30. gxf7+ Qxf7 31. Qxe6 Rd8+ 32. Kc3 0-1

[Event "European Blitz 2015"]
[Site "Minsk BLR"]
[Date "2015.12.18"]
[Round "11.5"]
[White "Rakhmanov, Aleksandr"]
[Black "Jobava, Baadur"]
[Result "0-1"]
[WhiteTitle "GM"]
[BlackTitle "GM"]
[WhiteElo "2640"]
[BlackElo "2673"]
[WhiteFideId "4173708"]
[BlackFideId "13601520"]
[EventDate "2015.12.18"]
[EventType "swiss (blitz)"]

1. c4 c6 2. d4 Nf6 3. Nc3 d5 4. cxd5 cxd5 5. Bf4 Nc6 6. e3 a6 7. Be2 g6 8. Nf3
Bg7 9. Ne5 O-O 10. O-O Nd7 11. Nxd7 Qxd7 12. Rc1 Qd8 13. Na4 e5 14. dxe5 Nxe5
15. b3 Re8 16. Qd2 Nc6 17. Bf3 Be6 18. Rfd1 g5 19. Bg3 d4 20. Bxc6 bxc6 21. exd4
h5 22. h3 h4 23. Be5 f6 24. Bh2 g4 25. hxg4 Bxg4 26. Re1 h3 27. Qf4 Be6 28. Qd6
Qxd6 29. Bxd6 hxg2 30. Kxg2 Rad8 31. Bc5 Bh6 32. Rcd1 Bd5+ 33. Kg3 Kf7 34. Rxe8
Rxe8 35. f3 Be3 36. Nc3 Rg8+ 37. Kh2 Bxf3 38. Rf1 Bf4+ 39. Kh3 Rh8# 0-1

[Event "European Blitz 2015"]
[Site "Minsk BLR"]
[Date "2015.12.18"]
[Round "11.6"]
[White "Inarkiev, Ernesto"]
[Black "Movsesian, Sergei"]
[Result "1-0"]
[WhiteTitle "GM"]
[BlackTitle "GM"]
[WhiteElo "2668"]
[BlackElo "2659"]
[WhiteFideId "4162722"]
[BlackFideId "310204"]
[EventDate "2015.12.18"]
[EventType "swiss (blitz)"]

1. d4 d5 2. c4 c6 3. Nf3 Nf6 4. e3 Bg4 5. h3 Bxf3 6. Qxf3 e6 7. Nc3 Nbd7 8. Bd3
Bb4 9. O-O O-O 10. Bd2 Nc5 11. Qe2 Nxd3 12. Qxd3 Qe7 13. a3 Bd6 14. e4 dxc4 15.
Qxc4 e5 16. d5 cxd5 17. Nxd5 Nxd5 18. Qxd5 Rfd8 19. Bc3 Bxa3 20. Qxe5 Qxe5 21.
Bxe5 Bc5 22. Rfd1 f6 23. Bc3 Kf7 24. Kf1 Ke7 25. Ke2 Rxd1 26. Rxd1 Rd8 27. Ra1
Ke6 28. f4 g6 29. g4 a6 30. f5+ gxf5 31. exf5+ Kf7 32. h4 Re8+ 33. Kf3 Re3+ 34.
Kf4 Rh3 35. Rd1 Ke7 36. Re1+ Kf7 37. Re6 Be7 38. Rb6 Rxh4 39. Kg3 Rh1 40. Rxb7
Ke8 41. Rb6 h5 42. gxh5 Rxh5 43. Kg4 Rg5+ 44. Kf4 Kf7 45. Rxa6 Rg1 46. Ra7 Ke8
47. Ke4 Rd1 48. Bd4 Bd8 49. Rb7 Re1+ 50. Kd5 Re7 51. Rxe7+ Kxe7 52. b4 Kd7 53.
b5 Be7 54. Bc5 Bd8 55. b6 Kc8 56. Kc6 1-0